000 00749nam a22001937a 4500
003 NUST-PNEC
005 20170116180712.0
008 141015b xxu||||| |||| 00| 0 eng d
040 _cPNEC
082 _a671 LYM
100 _9598
_aLyman Taylor
245 _aMetals Handbook: Heat Treating, Cleaning, and Finishing Vol. 2
_bTaylor Lyman
250 _a8th ed.
260 _aMetals Park, Ohio
_bAmerican Soc. for Metals
_cc.1964
300 _aXV, 708 p.
_bIll., graph. Darst
_c29 cm.
500 _ahttp://www.amazon.com/Metals-Handbook-Treating-Cleaning-Finishing/dp/B000UGA4ZK/ref=sr_1_1?s=books&ie=UTF8&qid=1413354506&sr=1-1&keywords=metals+handbook+8th+edition+vol+2+heat+treating%2C+cleaning+and+finishing
650 _xME
942 _2ddc
_cBK
999 _c61028
_d61028